000 00436nam a2200181Ia 4500
005 20250603144841.0
008 250603s9999 xx 000 0 und d
020 _a81-7008-089-4
050 _aTK 161 .K86/
100 _aKumar, R.
245 0 _aElectronics engineering (objective type)
260 _aNew Delhi
260 _bLaxmi Publications (P) LTD
260 _c2008
300 _a755 p
650 _aNew Delhi
942 _cBK
999 _c40138
_d40138